Challenge typing #1: ABCs and 123s x2 - Statistics

General Stats
  • This quiz has been taken 216 times
  • The average score is 44 of 70
Answer Stats
Hint Answer % Correct
A A
100%
B B
100%
C C
99%
D D
99%
E E
97%
F F
97%
G G
97%
H H
97%
I I
97%
J J
96%
K K
94%
L L
93%
M M
91%
N N
90%
O O
90%
P P
90%
Q Q
87%
R R
87%
S S
87%
T T
87%
U U
85%
V V
85%
W W
84%
X X
82%
Y Y
82%
Z Z
82%
1 1
73%
2 2
73%
3 3
72%
4 4
70%
5 5
70%
6 6
70%
7 7
70%
8 8
70%
9 9
69%
A A
55%
B B
54%
C C
54%
D D
52%
E E
51%
F F
49%
G G
49%
H H
49%
I I
48%
J J
48%
K K
48%
L L
48%
M M
48%
N N
45%
O O
43%
P P
43%
Q Q
42%
R R
39%
S S
39%
T T
39%
U U
39%
V V
39%
W W
31%
X X
31%
Y Y
31%
Z Z
31%
1 1
30%
2 2
28%
3 3
28%
4 4
28%
5 5
28%
6 6
28%
7 7
28%
8 8
28%
9 9
25%
No matching quizzes found
Score Distribution
Percent of People with Each Score
Percentile by Number Answered
Your Score History
You have not taken this quiz